• 首页
  • 本馆介绍
  • 公告通知
  • 最新文献
  • 馆藏检索
  • 电子资源
  • 读者导购
  • 参考咨询
  • 我的图书馆
  • 登录
  • 详细信息显示
  • 放入我的书架
  • 预约/预借图书
  • 作者相关作品
  • 分类相关作品
  • 丛书相关作品
  • 出版社相关作品

书目信息

  • 表格格式
  • 工作单格式
  • 卡片格式
题名:
身边的世界
    
 
作者: 刘鹤 编写
分册:  
出版信息: 石家庄   河北少年儿童出版社  2011.09
页数: 68页
开本: 25cm
丛书名:
单 册:
中图分类: P183-49
科图分类:
主题词: 太阳系
电子资源:
ISBN: 7-5376-4375-X
000 00557nam0 2200193 450
001 2655224785
005 20260317152318.46
010    @a7-5376-4375-X@dCNY13.80
100    @a20260317d2011 km y0chiy0120 ea
101 0  @achi
102    @aCN@b130000
200 1  @a身边的世界@AShen Bian De Shi Jie@f刘鹤编写@FLiu He Bian Xie
210    @a石家庄@c河北少年儿童出版社@d2011.09
215    @a68页@d25cm
606 0  @a太阳系
690    @aP183-49@v4
701  0 @a刘鹤@ALiu He@4编写
801  0 @aCN@b大连网信软件有限公司图书馆·11@c20260317
905    @aZUCC@dP183-49@e434:4
    
    身边的世界/刘鹤编写.-石家庄:河北少年儿童出版社,2011.09
    68页;25cm
    
    
    ISBN 7-5376-4375-X:CNY13.80
    
●
相关链接 在E读中查询图书 在五车中查询图书 在当当中查询图书 在豆瓣中查询图书


正题名:身边的世界     索取号:P183-49/434:4         预约/预借

序号 登录号 条形码 馆藏地/架位号 状态 备注
1 1442184   214421847   第二样本阅览室/ [索取号:P183-49/434:4] 在馆    
唐山师范学院图书馆 欢迎您!
大连网信软件有限公司© 版权所有